History Quiz

Random History or Politics Quiz

US President or UK Prime Minister? Quiz Stats

 Plays Quiz Updated Nov 14, 2015

Score 0/20 Timer 07:00
8 Plays Today
% Correct
Correct! (Arthur Balfour)
89.8%
Correct! (Ulysses S. Grant)
89.6%
Correct! (Herbert Henry Asquith)
87.5%
Correct! (Clement Attlee)
84.2%
Correct! (Benjamin Disraeli)
83.8%
Correct! (Edward Heath)
79.9%
Correct! (Stanley Baldwin)
79.7%
Correct! (Woodrow Wilson)
79.4%
Correct! (James A. Garfield)
78.4%
Correct! (Grover Cleveland)
78%
% Correct
Correct! (Ramsay MacDonald)
77.5%
Correct! (Calvin Coolidge)
74.2%
Correct! (Chester A. Arthur)
73.5%
Correct! (David Lloyd George)
73%
Correct! (Andrew Johnson)
73%
Correct! (Warren G. Harding)
72.2%
Correct! (William McKinley)
60%
Correct! (Millard Fillmore)
57.4%
Correct! (John Russell, 1st Earl Russell)
56.9%
Correct (William Ewart Gladstone)
46%

You're not logged in!

Compare scores with friends on all Sporcle quizzes.
Join for Free
OR
Log In

You Might Also Like...

Show Comments

Extras

Top Quizzes Today


Score Distribution

Your Account Isn't Verified!

In order to create a playlist on Sporcle, you need to verify the email address you used during registration. Go to your Sporcle Settings to finish the process.

Report this User

Report this user for behavior that violates our Community Guidelines.

Details: